Le meilleur buteur de chaque club de Ligue 1 ! (2024-2025) - Statistiques

Statistiques générales
  • Ce quiz a été pris 104 fois
  • Le résultat moyen est 11 sur 18
Statistiques - réponses
Club Buteur(s) Buts % Correct
Paris Saint-Germain Ousmane Dembélé 21
100%
Olympique de Marseille Mason Greenwood 21
99%
Olympique Lyonnais Alexandre Lacazette 15
98%
LOSC Jonathan David 16
91%
Stade Rennais Arnaud Kalimuendo 17
80%
AS Saint-Etienne Lucas Stassin 12
80%
RC Strasbourg Emanuel Emegha 14
79%
Stade Brestois Ludovic Ajorque 13
75%
AS Monaco Mika Biereth 13
73%
OGC Nice Evan Guessand 12
62%
FC Nantes Matthis Abline 9
54%
AJ Auxerre Gaëtan PerrinHamed Junior Traoré 10
52%
Stade de Reims Keito Nakamura 11
52%
Angers SCO Esteban Lepaul 9
51%
Le Havre Abdoulaye Touré 10
38%
RC Lens Neil El Aynaoui 8
18%
Toulouse Zakaria Aboukhlal 7
16%
Montpellier Arnaud Nordin 4
8%
Aucun quiz correspondant
Distribution des résultats
% des personnes avec chaque résultat
Percentile par nombre de réponses
Votre historique - résultats
Vous n’avez pas pris ce quiz